000 01075nam0a2200313 4500
001 RU\NLR\BIBL_A\011512287
005 20240921192211.0
010 _a9785990965003
_9150
021 _aRU
_b2017-76121
_95434
035 _a(RuMoRGB)009415517
035 _a(NLR Aleph) 011512287
090 _a12053569
_c12053569
100 _a20171102d2017 u y0rusy50 ca
101 0 _arus
102 _aRU
105 _a z 000zd
200 1 _aДостойные награды. Трагедия М-256
_fС. И. Сидоренко
210 _aСанкт-Петербург
_cАргус СПб
_d2017
215 _a99, [1] с.
_cил., портр.
_d21
517 1 _aТрагедия М-256
606 1 _aПодводные лодки
_xАварии
_91886917
_3RU\NLR\auth\66857904
686 _aЦ661.1-925.3(2)г
_2rubbk
686 1 _aЦ661.11-925.3
700 1 _aСидоренко
_bС. И.
_gСергей Иванович
942 _cBOOK
980 _aNBR